| 000 | 00380nam a22001457a 4500 | ||
|---|---|---|---|
| 003 | OSt | ||
| 005 | 20160727222343.0 | ||
| 008 | 160620b xxu||||| |||| 00| 0 eng d | ||
| 040 | _cTEST | ||
| 100 |
_9147 _aY.He.Mc.Call |
||
| 245 |
_aThe Man who didn't have time _bThe Man who didn't have time |
||
| 260 |
_aConcordia _c1976 |
||
| 300 | _aThe Man who didn't have time | ||
| 942 |
_2ddc _cBK |
||
| 999 |
_c119 _d119 |
||